Focus: community safety (Record no. 75634)
[ view plain ]
| 000 -LEADER | |
|---|---|
| fixed length control field | 02248cab a2200493 4500 |
| 001 - CONTROL NUMBER | |
| control field | L130462 |
| 008 - FIXED-LENGTH DATA ELEMENTS--GENERAL INFORMATION | |
| fixed length control field | 050801n2005 000 0 eng u |
| 035 ## - SYSTEM CONTROL NUMBER | |
| System control number | (Sirsi) u130462 |
| 041 ## - LANGUAGE CODE | |
| Language code of text/sound track or separate title | eng |
| 100 ## - MAIN ENTRY--PERSONAL NAME | |
| Personal name | Brogan, Elizabeth |
| 245 ## - TITLE STATEMENT | |
| Title | Focus: community safety |
| 260 ## - PUBLICATION, DISTRIBUTION, ETC. | |
| Date of publication, distribution, etc. | 2005 |
| 490 ## - SERIES STATEMENT | |
| Series statement | Fire Engineers' Journal |
| Volume/sequential designation | 65(258) 20-41(22) |
| 520 ## - SUMMARY, ETC. | |
| Summary, etc. | Series of articles looking at community safety. Reports on the increased responsibility landlords will have for their tenants under the Housing Act 2004; the law as it applies to houses in multiple occupation; a new statisitical analysis of the cost of fire to the economy; the Chief Fire Officers' Association range of policies, procedures and guidance to help brigades enforce the Regulatory Reform (Fire Safety) Order; how UK fire services are working with local communities to increase diversity and improve fire safety; a simplified spill plume calculation including the effects of balconies and downstands; the fire performance of structural steel; new European requirements for fire sealants; and adequate fire protection for recessed downlights to ensure the integrity of ceilings.The "Economic cost of fire: estimates for 2003" is available on the ODPM website, www.odpm.gov.uk. |
| 650 ## - SUBJECT ADDED ENTRY--TOPICAL TERM | |
| Topical term or geographic name entry element | HOUSING ACT 2004 |
| 650 ## - SUBJECT ADDED ENTRY--TOPICAL TERM | |
| Topical term or geographic name entry element | BUILDING REGULATIONS 2000 |
| 650 ## - SUBJECT ADDED ENTRY--TOPICAL TERM | |
| Topical term or geographic name entry element | REGULATORY REFORM (FIRE SAFETY) ORDER 2005 |
| 650 ## - SUBJECT ADDED ENTRY--TOPICAL TERM | |
| Topical term or geographic name entry element | FIRE PRECAUTIONS ACT 1971 |
| 650 ## - SUBJECT ADDED ENTRY--TOPICAL TERM | |
| Topical term or geographic name entry element | FIRE PRECAUTIONS (WORKPLACE) REGULATIONS 1997 |
| 650 ## - SUBJECT ADDED ENTRY--TOPICAL TERM | |
| Topical term or geographic name entry element | MANAGEMENT OF HEALTH AND SAFETY AT WORK REGULATIONS 1999 |
| 650 ## - SUBJECT ADDED ENTRY--TOPICAL TERM | |
| Topical term or geographic name entry element | BS 8110 |
| 650 ## - SUBJECT ADDED ENTRY--TOPICAL TERM | |
| Topical term or geographic name entry element | BS EN 1182 |
| 650 ## - SUBJECT ADDED ENTRY--TOPICAL TERM | |
| Topical term or geographic name entry element | BS EN ISO 1716 |
| 650 ## - SUBJECT ADDED ENTRY--TOPICAL TERM | |
| Topical term or geographic name entry element | BS EN ISO 11925-2 |
| 650 ## - SUBJECT ADDED ENTRY--TOPICAL TERM | |
| Topical term or geographic name entry element | BS EN 13823 |
| 650 ## - SUBJECT ADDED ENTRY--TOPICAL TERM | |
| Topical term or geographic name entry element | BS EN 13663 |
| 650 ## - SUBJECT ADDED ENTRY--TOPICAL TERM | |
| Topical term or geographic name entry element | BS EN 1364 |
| 650 ## - SUBJECT ADDED ENTRY--TOPICAL TERM | |
| Topical term or geographic name entry element | BS EN 1365 |
| 650 ## - SUBJECT ADDED ENTRY--TOPICAL TERM | |
| Topical term or geographic name entry element | BS EN 1366 |
| 650 ## - SUBJECT ADDED ENTRY--TOPICAL TERM | |
| Topical term or geographic name entry element | BS 476 |
| 690 ## - LOCAL SUBJECT ADDED ENTRY--TOPICAL TERM (OCLC, RLIN) | |
| Topical term or geographic name as entry element | MANAGEMENT-HEALTH AND SAFETY-FIRE SAFETY |
| 700 ## - ADDED ENTRY--PERSONAL NAME | |
| Personal name | Everton, Rosemarie |
| 700 ## - ADDED ENTRY--PERSONAL NAME | |
| Personal name | Anderson, Paul |
| 700 ## - ADDED ENTRY--PERSONAL NAME | |
| Personal name | Hadley, Trevor |
| 700 ## - ADDED ENTRY--PERSONAL NAME | |
| Personal name | Lilly, Jaki |
| 700 ## - ADDED ENTRY--PERSONAL NAME | |
| Personal name | Hashem, Ferhana |
| 700 ## - ADDED ENTRY--PERSONAL NAME | |
| Personal name | Huges, Allan |
| 700 ## - ADDED ENTRY--PERSONAL NAME | |
| Personal name | Harrison, Roger |
| 700 ## - ADDED ENTRY--PERSONAL NAME | |
| Personal name | Spearpoint, Michael |
| 700 ## - ADDED ENTRY--PERSONAL NAME | |
| Personal name | Scothern, Anna |
| 700 ## - ADDED ENTRY--PERSONAL NAME | |
| Personal name | Sellman |
| -- | ichard |
| 700 ## - ADDED ENTRY--PERSONAL NAME | |
| Personal name | Brown, Malcolm |
| 942 ## - ADDED ENTRY ELEMENTS (KOHA) | |
| Suppress in OPAC | 0 |
| Withdrawn status | Lost status | Source of classification or shelving scheme | Damaged status | Not for loan | Home library | Current library | Shelving location | Date acquired | Total Checkouts | Full call number | Barcode | Date last seen | Copy number | Price effective from | Koha item type |
|---|---|---|---|---|---|---|---|---|---|---|---|---|---|---|---|
| Dewey Decimal Classification | London | London | Journal article | 01/08/2005 | L130462 | 130462-1001 | 06/08/2019 | 1 | 06/08/2019 | Journal article |